000
00283nam a2200121Ia 4500
003
OSt
005
20230915052055.0
008
170523s9999 xx 000 0 und d
040
_c
IIMT UNIVERSITY
100
_a
Roe-Simon
245
0
_a
Protein Purification Techniques
942
_2
ddc
_c
02
999
_c
10984
_d
10984